| 000 | 00693nam a2200193 a 4500 | ||
|---|---|---|---|
| 008 | 080423s1971 ||||||||||||||||| || u | ||
| 020 | _a0070099960 | ||
| 050 | _aHF 5667 Car | ||
| 100 | _aWillingham, John J | ||
| 245 | 1 | 0 |
_aPerspectives in auditing. -- 2nd ed. _cDouglas R. Carmichael; John J. Willingham |
| 250 | _a2nd ed | ||
| 260 |
_aNew York _c1971 |
||
| 300 | _aix, 483p.: ill. | ||
| 350 | _a0.00 | ||
| 650 | _aAUDITING--ADDRESSES, ESSAYS, LECTURES | ||
| 650 | _aAUDITING | ||
| 700 | _aCarmichael, Douglas R | ||
| 995 |
_D0.00 _FCBU-MAIN LIBRARY (Kitwe) _H1 _I0.00 _M1 _UAVAILABLE _WApr 23, 2008 _ZAnnex Low-Usage Collection |
||
| 999 |
_c53420 _d53420 |
||